LEADER 04208nam 2200493 450 001 9910466959903321 005 20210629181631.0 010 $a90-04-35185-X 024 7 $a10.1163/9789004351851 035 $a(CKB)3710000001583403 035 $a(MiAaPQ)EBC5013653 035 $a(OCoLC)989033210$z(OCoLC)1005665477 035 $a(nllekb)BRILL9789004351851 035 $a(EXLCZ)993710000001583403 100 $a20171004h20172017 uy 0 101 0 $aeng 135 $aurcnu|||||||| 181 $2rdacontent 182 $2rdamedia 183 $2rdacarrier 200 00$aDevelopment and democracy $erelations in conflict /$fedited by Victor Manuel Figueroa Sepulveda 210 1$aLeiden, The Netherlands ;$aBoston, [Massachusetts] :$cBrill,$d2017. 210 4$d©2017 215 $a1 online resource (259 pages) $cillustrations 225 1 $aStudies in Critical Social Sciences,$x1573-4234 ;$vVolume 110 311 $a90-04-33736-9 320 $aIncludes bibliographical references and index. 327 $tFront Matter /$rVíctor Manuel Figueroa Sepúlveda --$tIntroduction /$rVíctor Manuel Figueroa Sepúlveda --$tA Critique of the Origin and Foundations of the New Inequality among Men /$rAlexandre M. Quaresma de Moura --$tUnemployment, Inequality and Technological Development /$rVíctor Manuel Figueroa Sepúlveda --$tTechnology and Subsumption by Capital /$rJesús Becerra Villegas --$tThe State and Freedom of Public Network Space /$rSergio Octavio Contreras --$tGrey Areas in China?s Growth: A Questionable Development /$rSilvana Andrea Figueroa Delgado --$tEconomic Growth, Democracy and the Construction of Citizenship in South Korea /$rCristina Recéndez Guerrero --$tLatin American Democracy as an Alternative Work in Progress /$rXimena de la Barra and R.A. Dello Buono --$tAcquiring Technology in the Mexican Private Sector: A Disarticulated ?Linkage? of the Triple Helix /$rMiguel Omar Muñoz Domínguez --$tProliferation of the Corporate Agro-Industrial Model in Latin America /$rIrma Lorena Acosta Reveles --$tWell-Being and Happiness: Conditions for a New Conception of Development? /$rErnesto Menchaca Arredondo and Leonel Álvarez Yáñez --$tThe Challenges of Democracy in Mexico /$rHéctor de la Fuente Limón --$tReferences /$rVíctor Manuel Figueroa Sepúlveda --$tIndex /$rVíctor Manuel Figueroa Sepúlveda. 330 $aTechnological progress in the 21st Century still remains monopolized by the developed countries, thereby determining the direction and rhythm of growth in developing countries which must import their technological infrastructure. This colonialized model of industrialization leads to a perpetual outflow of resources abroad and to structured social exclusion that placed narrow limits on democracy and the distribution of overall wellbeing. Why did Latin American societies fail to create an internal division of labour that could adequately provide for the development of productive forces? How did this affect the prospects for democracy in the region? Development and Democracy: Relations in Conflict examines the conflicting relations between technological development and democracy as they unfold in a new and ever more challenging environment. Contributors are: Irma Lorena Acosta Reveles, Leonel Álvarez Yáñez, Jesús Becerra Villegas, Ximena de la Barra, Héctor de la Fuente Limón, R. A. Dello Buono, Sergio Octavio Contreras Padilla, Silvana Andrea Figueroa Delgado, Víctor Manuel Figueroa Sepúlveda, Ernesto Menchaca Arredondo, Miguel Omar Muñoz Domínguez, Alexandre M. Quaresma de Moura, Cristina Recéndez Guerrero. 410 0$aStudies in critical social sciences ;$vVolume 110. 606 $aEconomic development$xPolitical aspects$zDeveloping countries 606 $aDemocracy$xEconomic aspects$zDeveloping countries 608 $aElectronic books. 615 0$aEconomic development$xPolitical aspects 615 0$aDemocracy$xEconomic aspects 676 $a338.90091724 702 $aFigueroa$b Vi?ctor M. 801 0$bMiAaPQ 801 1$bMiAaPQ 801 2$bMiAaPQ 906 $aBOOK 912 $a9910466959903321 996 $aDevelopment and democracy$92295786 997 $aUNINA LEADER 01291oam 2200349z- 450 001 996279337703316 005 20080521082429.0 010 $a1-5090-8613-7 035 $a(CKB)1000000000331533 035 $a(EXLCZ)991000000000331533 100 $a20220608c2007uuuu -u- - 101 0 $aeng 200 10$a2007 Workshop on High Performance Switching and Routing $eBrooklyn, NY, 30 May-1 June 2007 210 $cIEEE 311 $a1-4244-1205-6 311 $a1-4244-1206-4 517 $a2007 Workshop on High Performance Switching and Routing 531 $aHIGH PERFORMANCE SWITCHING & ROUTING, 2007. HPSR '07. WORKSHOP ON 606 $aTelecommunication$xSwitching systems$vCongresses 606 $aPacket switching (Data transmission)$vCongresses 606 $aRouters (Computer networks)$vCongresses 606 $aOptical communications$vCongresses 615 0$aTelecommunication$xSwitching systems 615 0$aPacket switching (Data transmission) 615 0$aRouters (Computer networks) 615 0$aOptical communications 676 $a621.382/16 712 02$aInstitute of Electrical and Electronics Engineers. 906 $aPROCEEDING 912 $a996279337703316 996 $a2007 Workshop on High Performance Switching and Routing$92869951 997 $aUNISA